000 00998cam a22003014a 4500
001 2630703
003 OSt
005 20250109092006.0
008 990326s2000 maua b 001 0 eng
020 _a0073659487
020 _a9780073659480
040 _c0
050 0 0 _aHF1025
_b.F5 2000
082 0 0 _a338.9
_221
100 1 _aFik, T. J.
_q(Timothy Joseph),
_d1957-
245 1 4 _aThe geography of economic development :
_bregional changes, global challenges /
_cTimothy J. Fik.
250 _a2nd ed.
260 _aBoston :
_bMcGraw-Hill,
_cc2000.
300 _axii, 294 p. :
_bill. ;
_c29 cm.
650 0 _aEconomic geography.
650 0 _aSpace in economics.
650 0 _aEconomic development.
650 0 _aRegional economics.
650 0 _aPopulation
_xEconomic aspects.
856 4 2 _3Publisher description
_uhttp://www.loc.gov/catdir/description/mh023/99028131.html
856 4 1 _3Table of contents
_uhttp://www.loc.gov/catdir/toc/mh023/99028131.html
942 _2lcc
_cBK
_e2nd Ed.
_n0
999 _c2473
_d2473